000 00826nam a2200265 i 4500
001 bg
003 BPK
005 20210407091003.0
008 051114s1974 pl a f f |000 0 pol
015 _aPB 1974/3302
040 _cBPK
041 0 _apol
080 _a621.01
080 _a(075.8)
100 1 _aParszewski, Zdzisław
_d(1924-1999)
_eAutor
245 1 0 _aTeoria maszyn i mechanizmów /
_cZdzisław Parszewski.
250 _aWyd. 3.
260 _aWarszawa :
_bWydawnictwa Naukowo-Techniczne,
_c1974.
300 _a343, [1] s. :
_bil., wykr. ;
_c25 cm.
504 _aBibliogr.
650 4 _aMaszyny
_xteoria.
710 2 _aWydawnictwa Naukowo-Techniczne
_4pbl.
942 _2UKD
_cKS
856 _uhttp://koha.tu.koszalin.pl/cgi-bin/koha/opac-detail.pl?biblionumber=35843
_yKatalog online BPK
999 _c35843
_d35843